Geografía del continente americano /

Guardado en:
Autor Principal: Dalterio, Laura
Otros Autores: López, Laura Estela, Rodríguez Freiman, Diego, Sposob, Gustavo, Valverde, Santiago
Formato: Libro
Publicado: Buenos Aires : Kapelusz, 2013
Series:Nuevos desafíos
Materias:
Etiquetas: Agregar Etiqueta
Sin Etiquetas, Sea el primero en etiquetar este registro!
LEADER 01905nam a22003135a 4500
001 CEM.cems018476
008 130507s2013##################000#0#####d
005 20230404125611.0
245 1 0 |a Geografía del continente americano /  |c Laura Dalterio ... [et Al.] 
260 |a Buenos Aires :  |b Kapelusz,  |c 2013 
300 |a 320 p. 
490 0 |a Nuevos desafíos 
505 0 |a El continente americano -- Introducción al estudio de la geografía -- Bases naturales del continente americano -- América: organización histórico territorial -- El proceso de globalización en América -- América latina -- Las actividades económicas en América latina -- La población y la cultura en América latina -- Problemas ambientales de América latina -- América anglosajona -- Actividades económicas en América anglosajona -- La población y la cultura en América anglosajona -- Problemas ambientales y desastres naturales en América anglosajona -- Los países de América -- México, América Central y el Caribe -- Bolivia, el Perú, el Ecuador y Chile -- La Argentina, el Brasil, el Paraguay y el Uruguay -- Colombia, Venezuela, Guyana, Surinam y Guayana Francesa -- Los Estados Unidos y el Canadá 
020 |a 9789501304107 
100 1 |a Dalterio, Laura 
700 1 |a López, Laura Estela 
700 1 |a Rodríguez Freiman, Diego 
700 1 |a Sposob, Gustavo 
700 1 |a Valverde, Santiago 
082 0 4 |a 918 
653 |a Geografía 
653 |a Geografía americana 
653 |a Geografía de américa 
859 |a CEMS  |b BIB. CEMS - Agricultura  |h 918  |i D17  |p A2570.15  |t Ej.1 
859 |a CEMS  |b BIB. CEMS - Agricultura  |h 918  |i D17  |p A2571.15  |t Ej.2 
859 |a CEMS  |b BIB. CEMS - Agricultura  |h 918  |i D17  |p A2572.15  |t Ej.3 
859 |a CEMS  |b BIB. CEMS - Agricultura  |h 918  |i D17  |p A2975.17  |t Ej.4 
859 |a CEMS  |b BIB. CEMS - Agricultura  |h 918  |i D17  |p A3393.21  |t Ej.5 
859 |a CEMS  |b BIB. CEMS  |h 918  |i D17  |p nuevo-5